000 00462nam a2200181Ia 4500
008 230711s9999||||xx |||||||||||||| ||und||
020 _a978-1-4665-6443-5
041 _aENG
082 _a641.3
_bRA-F
100 _aRay,Bibek
245 0 _aFundamental Food Microbiology
250 _a5th Ed.
260 _c2017
_aNew York
_bCRC Press Taylor & Francis Group
300 _a607p.
650 _aFood Science and Technology
700 _aBhunia,Arun
942 _cBK
999 _c7388
_d7388